| LEADER 00000nam 2200000uu 4500 |
| 001 213513 |
| 003 ULIBM |
| 008 230702s||||||||th 000 0 tha d |
| 020 ^a978-0-8261-3504-9 |
| 040 ^abcnkk |
| 041 ^aeng |
| 060 04 ^aWY105^bT772 2021 |
| 100 1 ^aMarion, E. Broome. |
| 245 00 ^aTransformational leadership in nursing :^bfrom expertclinician to influential leader /^cBroome, M. E., & Marshall, E. S. |
| 250 3rd ed. |
| 260 ^aNew York :^bSpringer Publishing,^cc2021. |
| 300 ^axiii, 359 p. ;^c25 cm. |
| 504 ^aIncludes bibliographical references and index. |
| 650 2 ^aLeadership |
| 650 2 ^aNurse Administrators. |
| 650 2 ^aNursing, Supervisory. |
| 999 ^aใช้งานได้ทุกระบบ |